00809nam a2200265Ia 4500008004000000020001800040041000800058082001600066100000800082245006900090260003200159300000800191650001100199650001000210650001700220650001600237650001400253650001600267650000900283690001800292700000900310906001100319999001900330952019400349210210b2021 xxu||||| |||| 00| 0 eng d a9789350136348 aeng a332.02 LALU aLAL aUpkars state bank probationary officers: preliminary examination aAgrabUpkar Prakashanc2021 a248 aUpkars astate aprobationary apreliminary aofficers: aexamination abank aBank entrance aJAIN a074525 c128292d128292 001040708Competitive ExamsaALbALcBankingd2021-02-17eBiblios Book Point, Surathkal-575014g235.00l2o332.02 LALUp074525q2025-07-14r2025-06-28 13:01:23s2025-06-28w2021-02-17yBK